000 00874caa a22002537a 4500
999 _c410446
_d410446
001 123510
003 UA-OsUOA
005 20200224094528.0
007 ta
008 20170619b un ||||| |||| 00| 0 ukr d
040 _aUA-OsUOA
_bukr
_cUA-OsUOA
_dUA-OsUOA
041 _aukr
080 _a908
090 _a908
_bП36
100 _aПідставка Р.
245 _aВолодіння князів Острозьких: Колодно
_cР. Підставка, З. Мазуранчик
300 _aС. 33–35
650 7 _a908 Краєзнавство
_2UDC
700 _aМазуранчик З.
773 0 _0399319
_9416567
_dОстрог НаУОА 2015
_o148882
_tОстрозький краєзнавчий збірник
_w(UA-OsUOA) 113462
942 _cBKA
_2udc
955 _a1